[Event "ESP-chT CECLUB Div1"]
[Site "Linares"]
[Date "2019.08.28"]
[Round "3.2"]
[White "Rodriguez Amezqueta, Carlos"]
[Black "Sarana, Alexey"]
[Result "0-1"]
[WhiteElo "2063"]
[BlackElo "2655"]
[PlyCount "60"]
[EventDate "2019.08.26"]
[EventType "team-tourn"]
[EventRounds "7"]
[EventCountry "ESP"]
[SourceTitle "EXT 2020"]
[Source "ChessBase"]
[SourceDate "2019.10.17"]
[SourceVersion "1"]
[SourceVersionDate "2019.10.17"]
[SourceQuality "1"]
[WhiteTeam "Solvay II"]
[BlackTeam "Paterna Andreu"]
[WhiteTeamCountry "ESP"]
[BlackTeamCountry "ESP"]

1. d4 Nf6 2. Bf4 c5 3. e3 Qb6 4. Nc3 cxd4 5. exd4 a6 6. a3 d5 7. Nf3 Bg4 8. Be2 e6 9. 0-0 Bxf3 10. Bxf3 Nc6 11. Re1 Be7 12. Ne2 Qxb2 13. Rb1 Qxa3 14. c3 0-0 15. Rxb7 Rfc8 16. Qa1 Ra7 17. Qxa3 Bxa3 18. Rb3 Be7 19. Ra1 Nd7 20. Nc1 a5 21. Ra4 Bd8 22. Nd3 Nb6 23. Ra1 a4 24. Rb5 Ra5 25. Rxa5 Nxa5 26. Nc5 Nb3 27. Nxb3 axb3 28. Bd2 Nc4 29. Be1 b2 30. Rb1 Rb8 0-1

[Event "ESP-chT CECLUB Div1"]
[Site "Linares"]
[Date "2019.08.27"]
[Round "2.3"]
[White "Martins, David Pires Tavares"]
[Black "Rodriguez Amezqueta, Carlos"]
[Result "1-0"]
[WhiteElo "2427"]
[BlackElo "2063"]
[PlyCount "125"]
[EventDate "2019.08.26"]
[EventType "team-tourn"]
[EventRounds "7"]
[EventCountry "ESP"]
[SourceTitle "EXT 2020"]
[Source "ChessBase"]
[SourceDate "2019.10.17"]
[SourceVersion "1"]
[SourceVersionDate "2019.10.17"]
[SourceQuality "1"]
[WhiteTeam "Ourense Deportivo"]
[BlackTeam "Solvay II"]
[WhiteTeamCountry "ESP"]
[BlackTeamCountry "ESP"]

1. d4 e6 2. c4 f5 3. g3 Nf6 4. Bg2 g6 5. Nf3 Bg7 6. 0-0 0-0 7. Nc3 d6 8. Qb3 Ne4 9. Rd1 Nc6 10. Be3 Nxc3 11. Qxc3 Qe7 12. Qb3 Kh8 13. Qa3 Nd8 14. Rac1 Nf7 15. Bd2 Re8 16. Bb4 a5 17. c5 d5 18. Bd2 e5 19. Nxe5 Nxe5 20. dxe5 Bxe5 21. Bxd5 c6 22. Bf3 Be6 23. Bc3 Qf6 24. Rd3 f4 25. Bxe5 Qxe5 26. gxf4 Qxf4 27. Qc3+ Kg8 28. Rcd1 Rf8 29. Re3 Bd5 30. Rxd5 cxd5 31. Bxd5+ Rf7 32. Bxf7+ Qxf7 33. Qb3 Rc8 34. Rf3 Qxb3 35. Rxb3 Rc7 36. a4 Rxc5 37. Rxb7 Rc4 38. b3 Rc2 39. e3 Rb2 40. h4 h6 41. Kg2 Kf8 42. Kg3 Rb1 43. f3 Rg1+ 44. Kf4 Rh1 45. Ke5 Rh3 46. f4 Rxe3+ 47. Kf6 Ke8 48. Kxg6 Re4 49. f5 Rxh4 50. f6 Rg4+ 51. Kxh6 Rg3 52. Kh5 Kf8 53. Kh4 Rg1 54. Rg7 Rf1 55. Kg5 Rg1+ 56. Kf5 Rf1+ 57. Ke5 Re1+ 58. Kd4 Rf1 59. Rg5 Rf4+ 60. Kc3 Rf3+ 61. Kb2 Rxf6 62. Rxa5 Ke7 63. Rd5 1-0